Statistics for Guess Countries by Population

Click here to take the quiz!

General Stats

  • This quiz has been taken 10 times
  • The average score is 11 of 15

Answer Stats

HintAnswer% Correct
1,409,670,000China
100%
123,990,000Japan
100%
146,150,789Russia
100%
335,893,238United States of America
100%
203,080,756Brazil
78%
1,392,329,000India
78%
279,118,866Indonesia
78%
169,828,911Bangladesh
67%
104,462,545Egypt
67%
129,625,968Mexico
67%
223,800,000Nigeria
67%
112,892,781Philippines
67%
95,370,000Democratic Republic of the Congo
56%
107,334,000Ethiopia
56%
100,300,000Vietnam
44%

Score Distribution

Percentile by Number Answered

Percent of People with Each Score

Your Score History

You have not taken this quiz